| 000 | 01722nas a2200277Ia 4500 | ||
|---|---|---|---|
| 001 | R266-R6883 | ||
| 003 | IT-CnALBA | ||
| 008 | 170116c99999999xx |||||||||||| ||und|| | ||
| 040 |
_aIT-CnALBA _cIT-CnALBA |
||
| 041 | _aITALIANO | ||
| 100 | _aBERNARDI FRANCESCO | ||
| 210 | _aMISSIONI CONSOLATA | ||
| 222 | _aMISSIONI CONSOLATA | ||
| 245 | 0 | _aMISSIONI CONSOLATA. RIVISTA DELLA FAMIGLIA. OTTOBRE 1994. NUMERO SPECIALE, ANNO DELLA FAMIGLIA. | |
| 250 | _a1a ed. | ||
| 260 |
_a TORINO - ROMA _bMISSIONI CONSOLATA _c1994 [1° Ed.:1994 - Ed.Ling.Originale: 1994] |
||
| 300 | _a68 p. | ||
| 310 | _aMENSILE | ||
| 362 | _aFascicolo: 9-10 / Anno: 96 (1994) | ||
| 500 | _aLETTERA AI LETTORI E COLLOQUIO. DOMENICA MISSIONARIA. FAMIGLIA E MISSIONE DELLA CHIESA. GIOVANNI PAOLO II, GIORNATA MISSIONARIA MONDIALE. FAMIGLIA IN AFRICA. MAZZOTTI G. FRASSETTO S. IN AMERICA LATINA, LA MADRE E BASTA. IN ASIA, PRONIPOTI DI CONFUCIO. FAMIGLIA MISSIONARIA IN ITALIA. NOSTRO FIGLIO NERO. PROVOCAZIONI DI GENITORI E FIGLI. AUTOTASSAZIONE PER BISOGNOSI. ACCOGLIENZA E IMPEGNO SOCIALE. PREGHIERA IN FAMIGLIA. | ||
| 501 | _aSocietà San Paolo EM - Piazza San Paolo, 14 - 12051 ALBA (CN) (non commercial uses only) ® Copyright 2017 | ||
| 520 | _aLETTERA AI LETTORI E COLLOQUIO. DOMENICA MISSIONARIA. FAMIGLIA E MISSIONE DELLA CHIESA. GIOVANNI PAOLO II, GIORNATA MISSIONARIA MONDIALE. FAMIGLIA IN AFRICA. MAZZOTTI G. FRASSETTO S. IN AMERICA LATINA, LA MADRE E BASTA. IN ASIA, PRONIPOTI DI CONFUCIO. FAMIGLIA MISSIONARIA IN ITALIA. NOSTRO FIGLIO NERO. PROVOCAZIONI DI GENITORI E FIGLI. AUTOTASSAZIONE PER BISOGNOSI. ACCOGLIENZA E IMPEGNO SOCIALE. PREGHIERA IN FAMIGLIA. | ||
| 650 | _aMISSIONOLOGIA | ||
| 942 | _cCR | ||
| 957 | _71 | ||
| 999 |
_a58449 _bNO _g1 _c325476 _d325476 |
||